[Event "World Chess Olympiad 2018"]
[Site "Batumi"]
[Date "2018.09.26"]
[Round "3"]
[Board "4"]
[WhiteFideId "7601875"]
[White "Eiti Bashir"]
[BlackFideId "4401859"]
[Black "Palencia Morales Wilson Guillermo"]
[Result "1-0"]
[LiveChessVersion "1.4.8"]
[BlackElo "2345"]
[WhiteElo "2259"]

1. d4 {[%clk 1:30:54]} Nf6 {[%clk 1:30:38]} 2. Nf3 {[%clk 1:31:17]} e6
{[%clk 1:30:29]} 3. c3 {[%clk 1:30:25]} c5 {[%clk 1:30:37]} 4. g3
{[%clk 1:27:27]} Nc6 {[%clk 1:21:08]} 5. Bg2 {[%clk 1:27:26]} d5 {[%clk 1:21:02]}
6. O-O {[%clk 1:26:56]} Be7 {[%clk 1:21:03]} 7. a3 {[%clk 1:19:36]} a5
{[%clk 1:18:32]} 8. a4 {[%clk 1:04:23]} O-O {[%clk 1:14:21]} 9. Na3
{[%clk 0:41:43]} cxd4 {[%clk 1:04:46]} 10. cxd4 {[%clk 0:41:29]} Qb6
{[%clk 1:03:25]} 11. Nb5 {[%clk 0:40:20]} Bd7 {[%clk 0:56:24]} 12. Ne5
{[%clk 0:28:55]} Nxe5 {[%clk 0:49:06]} 13. dxe5 {[%clk 0:29:21]} Ng4
{[%clk 0:49:18]} 14. Bf4 {[%clk 0:24:31]} Bxb5 {[%clk 0:47:32]} 15. axb5
{[%clk 0:24:37]} g5 {[%clk 0:46:08]} 16. e3 {[%clk 0:19:48]} h5 {[%clk 0:44:26]}
17. Bh3 {[%clk 0:15:23]} gxf4 {[%clk 0:27:53]} 18. Bxg4 {[%clk 0:15:43]} f5
{[%clk 0:24:06]} 19. exf6 {[%clk 0:13:54]} Bxf6 {[%clk 0:17:20]} 20. Bxh5
{[%clk 0:12:12]} fxe3 {[%clk 0:12:51]} 21. Kg2 {[%clk 0:10:10]} Bg7
{[%clk 0:09:38]} 22. fxe3 {[%clk 0:05:05]} Qxb5 {[%clk 0:09:27]} 23. Qg4
{[%clk 0:04:30]} Qxb2+ {[%clk 0:08:45]} 24. Kh3 {[%clk 0:04:57]} Qe5
{[%clk 0:08:49]} 25. Rxf8+ {[%clk 0:04:14]} Rxf8 {[%clk 0:08:11]} 26. Rxa5
{[%clk 0:04:41]} Qxe3 {[%clk 0:07:09]} 27. Ra2 {[%clk 0:04:46]} Qh6
{[%clk 0:06:14]} 28. Kg2 {[%clk 0:05:07]} Qf6 {[%clk 0:05:11]} 29. Qe2
{[%clk 0:05:31]} e5 {[%clk 0:04:09]} 30. Rd2 {[%clk 0:05:32]} Qc6
{[%clk 0:03:14]} 31. Rc2 {[%clk 0:05:54]} Qd6 {[%clk 0:02:51]} 32. Rd2
{[%clk 0:05:35]} Rd8 {[%clk 0:01:30]} 33. Bf3 {[%clk 0:05:22]} Qe6
{[%clk 0:01:13]} 34. Qd3 {[%clk 0:04:44]} d4 {[%clk 0:00:41]} 35. Bxb7
{[%clk 0:05:07]} Kh8 {[%clk 0:00:50]} 36. Be4 {[%clk 0:05:18]} Rf8
{[%clk 0:01:04]} 37. Rc2 {[%clk 0:05:30]} Qf6 {[%clk 0:00:43]} 38. Qe2
{[%clk 0:05:18]} Qg5 {[%clk 0:00:48]} 39. h4 {[%clk 0:05:19]} Qh6
{[%clk 0:01:02]} 40. Rc6 {[%clk 0:35:17]} Rf6 {[%clk 0:30:42]} 41. Rc8+
{[%clk 0:33:39]} Rf8 {[%clk 0:30:45]} 42. Rc6 {[%clk 0:30:42]} Rf6
{[%clk 0:30:50]} 43. Rc7 {[%clk 0:29:27]} Rf8 {[%clk 0:30:55]} 44. Qg4
{[%clk 0:26:34]} Rf6 {[%clk 0:25:01]} 45. Kh3 {[%clk 0:25:06]} Rf8
{[%clk 0:23:52]} 46. Rxg7 {[%clk 0:20:07]} Qxg7 {[%clk 0:23:37]} 47. Qh5+
{[%clk 0:20:33]} Kg8 {[%clk 0:23:49]} 48. Bd5+ {[%clk 0:20:59]} Rf7
{[%clk 0:24:08]} 49. Qf5 {[%clk 0:21:00]} d3 {[%clk 0:16:51]} 50. Qxd3
{[%clk 0:21:02]} Kh8 {[%clk 0:17:11]} 51. Bxf7 {[%clk 0:20:51]} Qxf7
{[%clk 0:17:36]} 52. Qe3 {[%clk 0:13:43]} Qe6+ {[%clk 0:16:53]} 53. g4
{[%clk 0:13:59]} e4 {[%clk 0:14:10]} 54. h5 {[%clk 0:12:29]} Kh7 {[%clk 0:10:06]}
55. Qa7+ {[%clk 0:11:00]} Kh6 {[%clk 0:09:42]} 56. Qe3+ {[%clk 0:10:36]} Kh7
{[%clk 0:10:06]} 57. Kh4 {[%clk 0:08:46]} Qe5 {[%clk 0:09:40]} 58. g5
{[%clk 0:06:06]} Qh2+ {[%clk 0:07:32]} 59. Kg4 {[%clk 0:06:29]} Qg2+
{[%clk 0:07:25]} 60. Qg3 {[%clk 0:06:38]} Qe2+ {[%clk 0:07:03]} 61. Kh4
{[%clk 0:06:52]} e3 {[%clk 0:01:26]} 62. g6+ {[%clk 0:07:11]} Kg8
{[%clk 0:01:12]} 63. Qb8+ {[%clk 0:07:05]} Kg7 {[%clk 0:01:31]} 64. Qe5+
{[%clk 0:06:22]} Kf8 {[%clk 0:01:40]} 65. Qf6+ {[%clk 0:05:18]} Ke8
{[%clk 0:02:05]} 66. Qf7+ {[%clk 0:05:39]} Kd8 {[%clk 0:02:29]} 67. g7
{[%clk 0:05:53]} Qh2+ {[%clk 0:00:50]} 68. Kg5 {[%clk 0:06:15]} Qg2+
{[%clk 0:00:34]} 69. Kh6 {[%clk 0:06:31]} Qc6+ {[%clk 0:00:44]} 70. Qg6
{[%clk 0:06:28]} 1-0

[Event "World Chess Olympiad 2018"]
[Site "Batumi"]
[Date "2018.09.26"]
[Round "3"]
[Board "1"]
[WhiteFideId "7400179"]
[White "Elliott Warren"]
[BlackFideId "14001101"]
[Black "Atabayev Maksat"]
[Result "0-1"]
[LiveChessVersion "1.4.8"]
[BlackElo "2505"]
[WhiteElo "2206"]

1. d4 {[%clk 1:30:56]} Nf6 {[%clk 1:30:06]} 2. c4 {[%clk 1:31:05]} e6
{[%clk 1:29:47]} 3. Nf3 {[%clk 1:30:47]} b6 {[%clk 1:29:10]} 4. a3
{[%clk 1:30:30]} Ba6 {[%clk 1:27:14]} 5. Qc2 {[%clk 1:23:22]} c5 {[%clk 1:27:36]}
6. dxc5 {[%clk 1:10:29]} Bxc5 {[%clk 1:23:49]} 7. b4 {[%clk 1:09:36]} Be7
{[%clk 1:23:47]} 8. e4 {[%clk 1:08:11]} d6 {[%clk 1:23:32]} 9. Bd3
{[%clk 1:06:27]} Nbd7 {[%clk 1:23:26]} 10. Bb2 {[%clk 1:03:58]} Rc8
{[%clk 1:21:56]} 11. Qe2 {[%clk 1:04:06]} O-O {[%clk 1:21:20]} 12. Nbd2
{[%clk 1:00:53]} Ng4 {[%clk 1:17:50]} 13. Rc1 {[%clk 0:44:10]} Bf6
{[%clk 1:12:15]} 14. Nd4 {[%clk 0:31:05]} Nge5 {[%clk 1:08:22]} 15. f4
{[%clk 0:23:24]} Nxd3+ {[%clk 0:56:53]} 16. Qxd3 {[%clk 0:23:48]} d5
{[%clk 0:56:16]} 17. e5 {[%clk 0:19:22]} dxc4 {[%clk 0:53:46]} 18. Qe4
{[%clk 0:14:05]} Bh4+ {[%clk 0:51:56]} 19. g3 {[%clk 0:12:50]} Qc7
{[%clk 0:50:13]} 20. gxh4 {[%clk 0:08:00]} Bb7 {[%clk 0:50:39]} 21. Qe3
{[%clk 0:03:52]} Bxh1 {[%clk 0:50:58]} 22. Nb5 {[%clk 0:02:57]} Qd8
{[%clk 0:45:02]} 23. Nd6 {[%clk 0:01:04]} Qxh4+ {[%clk 0:44:40]} 24. Qf2
{[%clk 0:00:56]} Qxf2+ {[%clk 0:42:31]} 25. Kxf2 {[%clk 0:01:23]} Rc6
{[%clk 0:42:23]} 26. N2xc4 {[%clk 0:00:41]} Bd5 {[%clk 0:42:32]} 27. Ne3
{[%clk 0:00:37]} Rxc1 {[%clk 0:42:51]} 28. Bxc1 {[%clk 0:01:02]} Bc6
{[%clk 0:43:01]} 29. Bb2 {[%clk 0:01:01]} f6 {[%clk 0:42:43]} 30. Ke2
{[%clk 0:00:35]} fxe5 {[%clk 0:42:18]} 31. fxe5 {[%clk 0:01:03]} a6
{[%clk 0:41:54]} 32. Bd4 {[%clk 0:00:46]} Rf4 {[%clk 0:42:04]} 33. Kd3
{[%clk 0:00:50]} Rh4 {[%clk 0:41:52]} 34. Nc8 {[%clk 0:00:53]} Kf7
{[%clk 0:41:57]} 35. Nxb6 {[%clk 0:00:41]} Bb5+ {[%clk 0:40:53]} 36. Nbc4
{[%clk 0:00:46]} Rxh2 {[%clk 0:40:57]} 37. Kc3 {[%clk 0:00:52]} h5
{[%clk 0:41:05]} 38. Nd6+ {[%clk 0:00:54]} Ke7 {[%clk 0:40:53]} 39. Kb3
{[%clk 0:00:34]} Rd2 {[%clk 0:40:49]} 40. a4 {[%clk 0:30:31]} Rd3+
{[%clk 1:08:27]} 41. Kc2 {[%clk 0:29:08]} Rxd4 {[%clk 1:08:17]} 0-1

[Event "World Chess Olympiad 2018"]
[Site "Batumi"]
[Date "2018.09.26"]
[Round "3"]
[Board "2"]
[WhiteFideId "14000571"]
[White "Atabayev Saparmyrat"]
[BlackFideId "7400330"]
[Black "Lorne Ras Malaku"]
[Result "1-0"]
[LiveChessVersion "1.4.8"]
[BlackElo "2161"]
[WhiteElo "2443"]

1. d4 {[%clk 1:30:58]} Nf6 {[%clk 1:30:48]} 2. c4 {[%clk 1:31:25]} e6
{[%clk 1:31:05]} 3. g3 {[%clk 1:31:28]} Bb4+ {[%clk 1:30:01]} 4. Bd2
{[%clk 1:31:33]} Be7 {[%clk 1:30:09]} 5. Bg2 {[%clk 1:31:57]} d5 {[%clk 1:30:25]}
6. Nf3 {[%clk 1:32:18]} O-O {[%clk 1:30:30]} 7. O-O {[%clk 1:32:41]} b6
{[%clk 1:27:34]} 8. Qc2 {[%clk 1:31:09]} Nbd7 {[%clk 1:24:18]} 9. cxd5
{[%clk 1:29:39]} exd5 {[%clk 1:22:35]} 10. Qc6 {[%clk 1:24:36]} Ba6
{[%clk 1:21:57]} 11. Nc3 {[%clk 1:21:15]} Bd6 {[%clk 1:20:16]} 12. Rfe1
{[%clk 1:17:09]} Re8 {[%clk 1:09:20]} 13. Bf1 {[%clk 1:09:59]} Qc8
{[%clk 0:46:34]} 14. Nxd5 {[%clk 1:06:05]} Bb7 {[%clk 0:45:59]} 15. Nxf6+
{[%clk 1:06:22]} Nxf6 {[%clk 0:46:26]} 16. Qa4 {[%clk 1:05:31]} c5
{[%clk 0:36:16]} 17. Rac1 {[%clk 1:02:30]} Bc6 {[%clk 0:30:54]} 18. Qd1
{[%clk 1:00:29]} Qb7 {[%clk 0:29:51]} 19. dxc5 {[%clk 0:59:33]} Bxc5
{[%clk 0:30:01]} 20. b4 {[%clk 0:59:22]} Bf8 {[%clk 0:28:52]} 21. Qc2
{[%clk 0:54:12]} Rac8 {[%clk 0:28:01]} 22. Nd4 {[%clk 0:52:56]} Bd5
{[%clk 0:26:18]} 23. Qb2 {[%clk 0:52:42]} Ne4 {[%clk 0:24:40]} 24. Bh3
{[%clk 0:51:21]} Rcd8 {[%clk 0:23:45]} 25. Bf4 {[%clk 0:49:52]} Qe7
{[%clk 0:22:54]} 26. f3 {[%clk 0:35:59]} Ng5 {[%clk 0:14:40]} 27. Bf1
{[%clk 0:26:09]} Qf6 {[%clk 0:11:51]} 28. Bxg5 {[%clk 0:23:03]} Qxg5
{[%clk 0:12:10]} 29. e4 {[%clk 0:21:28]} Ba8 {[%clk 0:12:22]} 30. Bb5
{[%clk 0:17:45]} Re7 {[%clk 0:10:45]} 31. Nf5 {[%clk 0:17:04]} Re6
{[%clk 0:10:04]} 32. Bc4 {[%clk 0:14:04]} Rc6 {[%clk 0:05:03]} 33. Qb3
{[%clk 0:11:34]} Qf6 {[%clk 0:04:51]} 34. Rc2 {[%clk 0:05:21]} g6
{[%clk 0:04:33]} 35. Ne3 {[%clk 0:05:39]} Rc7 {[%clk 0:02:14]} 36. Kg2
{[%clk 0:05:56]} Qe7 {[%clk 0:01:57]} 37. Bxf7+ {[%clk 0:05:52]} Kh8
{[%clk 0:01:19]} 38. Bd5 {[%clk 0:05:25]} Rxc2+ {[%clk 0:01:32]} 39. Nxc2
{[%clk 0:05:26]} Bxd5 {[%clk 0:00:47]} 40. exd5 {[%clk 0:35:47]} Qg5
{[%clk 0:30:41]} 41. Ne3 {[%clk 0:34:51]} Qe5 {[%clk 0:28:53]} 42. a3
{[%clk 0:27:14]} a5 {[%clk 0:25:26]} 43. bxa5 {[%clk 0:26:56]} bxa5
{[%clk 0:25:44]} 44. Qd3 {[%clk 0:19:37]} Qb2+ {[%clk 0:23:48]} 45. Re2
{[%clk 0:18:56]} Qxa3 {[%clk 0:24:03]} 46. Qd4+ {[%clk 0:18:36]} Bg7
{[%clk 0:23:25]} 47. Qb6 {[%clk 0:18:02]} Re8 {[%clk 0:21:17]} 48. Qc6
{[%clk 0:17:15]} Qe7 {[%clk 0:20:59]} 49. d6 {[%clk 0:15:46]} Qe6
{[%clk 0:20:57]} 50. Qc7 {[%clk 0:13:48]} Bf6 {[%clk 0:19:47]} 51. Kf2
{[%clk 0:12:05]} Rc8 {[%clk 0:12:48]} 52. Qb6 {[%clk 0:08:57]} Rd8
{[%clk 0:10:44]} 53. Rd2 {[%clk 0:08:06]} a4 {[%clk 0:10:19]} 54. Qb4
{[%clk 0:07:19]} Qb3 {[%clk 0:08:22]} 55. Qf4 {[%clk 0:06:57]} Qe6
{[%clk 0:08:24]} 56. Nc4 {[%clk 0:06:31]} Kg7 {[%clk 0:07:00]} 57. Kg2
{[%clk 0:06:19]} h6 {[%clk 0:05:41]} 58. Qe4 {[%clk 0:06:22]} Qf7
{[%clk 0:01:51]} 59. Qc6 {[%clk 0:06:11]} Qe6 {[%clk 0:01:08]} 60. Qxa4
{[%clk 0:06:15]} Bg5 {[%clk 0:01:05]} 61. Rb2 {[%clk 0:05:58]} Qd5
{[%clk 0:00:51]} 62. h4 {[%clk 0:04:34]} Bf6 {[%clk 0:00:32]} 63. Re2
{[%clk 0:04:51]} Qf7 {[%clk 0:00:32]} 64. Qc6 {[%clk 0:05:07]} h5
{[%clk 0:00:34]} 65. Nb6 {[%clk 0:05:21]} Kh8 1-0

[Event "World Chess Olympiad 2018"]
[Site "Batumi"]
[Date "2018.09.26"]
[Round "3"]
[Board "3"]
[WhiteFideId "7400268"]
[White "Rowe Duane"]
[BlackFideId "14003937"]
[Black "Nurmamedov Azat"]
[Result "0-1"]
[LiveChessVersion "1.4.8"]
[BlackElo "2349"]
[WhiteElo "2147"]

1. e4 {[%clk 1:30:56]} c5 {[%clk 1:30:55]} 2. d4 {[%clk 1:31:13]} cxd4
{[%clk 1:31:21]} 3. c3 {[%clk 1:31:41]} dxc3 {[%clk 1:31:20]} 4. Nxc3
{[%clk 1:31:55]} Nc6 {[%clk 1:31:16]} 5. Nf3 {[%clk 1:32:17]} d6 {[%clk 1:31:29]}
6. Bc4 {[%clk 1:32:37]} e6 {[%clk 1:31:43]} 7. O-O {[%clk 1:32:55]} Nf6
{[%clk 1:32:05]} 8. Qe2 {[%clk 1:33:15]} a6 {[%clk 1:32:29]} 9. Rd1
{[%clk 1:33:28]} Qc7 {[%clk 1:32:53]} 10. Bf4 {[%clk 1:33:37]} Ne5
{[%clk 1:32:15]} 11. Bb3 {[%clk 1:30:47]} Be7 {[%clk 1:29:35]} 12. Rac1
{[%clk 1:29:15]} Qb8 {[%clk 1:29:33]} 13. Nd4 {[%clk 1:27:51]} Bd7
{[%clk 1:16:36]} 14. Bg3 {[%clk 1:26:30]} O-O {[%clk 1:11:42]} 15. f4
{[%clk 1:18:49]} Nc6 {[%clk 1:11:18]} 16. Kh1 {[%clk 1:18:43]} Nxd4
{[%clk 1:05:09]} 17. Rxd4 {[%clk 1:19:04]} Bc6 {[%clk 0:54:15]} 18. e5
{[%clk 1:11:50]} dxe5 {[%clk 0:52:26]} 19. fxe5 {[%clk 1:11:27]} Nd7
{[%clk 0:51:10]} 20. Bc2 {[%clk 1:06:20]} Rd8 {[%clk 0:48:29]} 21. Rf1
{[%clk 1:05:23]} Nf8 {[%clk 0:44:01]} 22. Rdf4 {[%clk 1:05:06]} Be8
{[%clk 0:43:48]} 23. h4 {[%clk 0:22:02]} Qc7 {[%clk 0:39:03]} 24. a4
{[%clk 0:14:06]} b5 {[%clk 0:33:05]} 25. axb5 {[%clk 0:13:10]} axb5
{[%clk 0:33:30]} 26. Bd3 {[%clk 0:13:11]} Ng6 {[%clk 0:28:53]} 27. Rg4
{[%clk 0:11:20]} h5 {[%clk 0:20:05]} 28. Re4 {[%clk 0:08:55]} b4 {[%clk 0:14:42]}
29. Nb5 {[%clk 0:07:49]} Qc5 {[%clk 0:14:21]} 30. Nd6 {[%clk 0:07:25]} Bxd6
{[%clk 0:09:16]} 31. exd6 {[%clk 0:07:45]} e5 {[%clk 0:09:36]} 32. Qxh5
{[%clk 0:07:18]} Rxd6 {[%clk 0:07:58]} 33. Bc4 {[%clk 0:07:32]} Ra7
{[%clk 0:05:58]} 34. Qg5 {[%clk 0:05:18]} Rd4 {[%clk 0:01:03]} 35. Rxd4
{[%clk 0:04:33]} Qxd4 {[%clk 0:01:32]} 36. b3 {[%clk 0:03:47]} Ra1
{[%clk 0:01:09]} 37. Rxa1 {[%clk 0:03:23]} Qxa1+ {[%clk 0:01:38]} 38. Kh2
{[%clk 0:03:44]} Kf8 {[%clk 0:00:44]} 39. h5 {[%clk 0:03:11]} Nf4
{[%clk 0:00:53]} 40. Bxf4 {[%clk 0:32:33]} exf4 {[%clk 0:31:22]} 41. Qxf4
{[%clk 0:31:51]} Qd1 {[%clk 0:31:32]} 42. Qe5 {[%clk 0:31:27]} Qd8
{[%clk 0:29:25]} 43. Qf4 {[%clk 0:29:58]} Qb6 {[%clk 0:24:34]} 44. Qe5
{[%clk 0:20:51]} Qc6 {[%clk 0:20:32]} 45. Be2 {[%clk 0:18:12]} Qb6
{[%clk 0:13:04]} 46. Bc4 {[%clk 0:16:14]} Bd7 {[%clk 0:11:38]} 47. Qf4
{[%clk 0:15:42]} f6 {[%clk 0:10:57]} 48. h6 {[%clk 0:08:24]} gxh6
{[%clk 0:11:20]} 49. Qxh6+ {[%clk 0:08:44]} Ke7 {[%clk 0:11:44]} 50. Qf4
{[%clk 0:05:01]} Qd6 {[%clk 0:11:51]} 51. Kg3 {[%clk 0:05:16]} Bc6
{[%clk 0:12:15]} 52. Kg4 {[%clk 0:01:41]} Qxf4+ {[%clk 0:08:38]} 53. Kxf4
{[%clk 0:01:56]} Bxg2 {[%clk 0:08:11]} 54. Ke3 {[%clk 0:02:22]} Kd6
{[%clk 0:04:18]} 55. Kd4 {[%clk 0:02:38]} f5 {[%clk 0:03:03]} 56. Bf7
{[%clk 0:02:26]} f4 {[%clk 0:01:54]} 57. Kc4 {[%clk 0:01:35]} f3 {[%clk 0:01:54]}
0-1

[Event "World Chess Olympiad 2018"]
[Site "Batumi"]
[Date "2018.09.26"]
[Round "3"]
[Board "4"]
[WhiteFideId "14001128"]
[White "Atabayev Yusup"]
[BlackFideId "7402074"]
[Black "Christie Joshua"]
[Result "1-0"]
[LiveChessVersion "1.4.8"]
[BlackElo "2198"]
[WhiteElo "2411"]

1. e4 {[%clk 1:30:56]} e6 {[%clk 1:30:45]} 2. d4 {[%clk 1:31:20]} d5
{[%clk 1:31:08]} 3. Nd2 {[%clk 1:31:47]} Nf6 {[%clk 1:30:16]} 4. e5
{[%clk 1:31:09]} Nfd7 {[%clk 1:30:36]} 5. f4 {[%clk 1:31:34]} c5 {[%clk 1:30:32]}
6. Ndf3 {[%clk 1:31:37]} b6 {[%clk 1:27:15]} 7. c3 {[%clk 1:31:26]} Ba6
{[%clk 1:25:17]} 8. Ne2 {[%clk 1:31:08]} Be7 {[%clk 1:24:24]} 9. g3
{[%clk 1:31:26]} Nc6 {[%clk 1:22:17]} 10. a3 {[%clk 1:31:35]} cxd4
{[%clk 1:15:41]} 11. cxd4 {[%clk 1:31:57]} Na5 {[%clk 1:14:00]} 12. Bh3
{[%clk 1:29:56]} Rc8 {[%clk 1:08:32]} 13. f5 {[%clk 1:25:32]} Bxe2
{[%clk 1:04:04]} 14. Kxe2 {[%clk 1:25:48]} Nf8 {[%clk 0:54:53]} 15. Rf1
{[%clk 1:18:35]} exf5 {[%clk 0:45:43]} 16. Bxf5 {[%clk 1:16:50]} Ne6
{[%clk 0:45:44]} 17. Kf2 {[%clk 1:07:02]} O-O {[%clk 0:39:30]} 18. Kg2
{[%clk 1:05:34]} Rc6 19. h4 {[%clk 1:01:13]} Qd7 {[%clk 0:17:31]} 20. Bd3
{[%clk 0:57:52]} Rfc8 {[%clk 0:16:58]} 21. Be3 {[%clk 0:57:52]} Nc4
{[%clk 0:16:13]} 22. Qe2 {[%clk 0:58:16]} b5 {[%clk 0:12:02]} 23. Rf2
{[%clk 0:57:42]} b4 {[%clk 0:06:37]} 24. axb4 {[%clk 0:57:13]} Rb6
{[%clk 0:06:53]} 25. Raf1 {[%clk 0:52:43]} Rxb4 {[%clk 0:06:20]} 26. Bc1
{[%clk 0:53:11]} Rcb8 {[%clk 0:05:08]} 27. Ng5 {[%clk 0:49:24]} Nxg5
{[%clk 0:02:28]} 28. hxg5 {[%clk 0:49:35]} Rxb2 {[%clk 0:01:35]} 29. Bxh7+
{[%clk 0:48:20]} Kf8 {[%clk 0:00:47]} 30. Bc2 {[%clk 0:48:44]} Qe6
{[%clk 0:00:35]} 31. Qh5 {[%clk 0:48:57]} Ke8 {[%clk 0:00:43]} 32. Bxb2
{[%clk 0:46:07]} Ne3+ {[%clk 0:00:35]} 33. Kg1 {[%clk 0:46:28]} Nxf1
{[%clk 0:00:34]} 34. Qh8+ {[%clk 0:46:27]} Bf8 {[%clk 0:00:45]} 35. Ba4+
{[%clk 0:46:51]} Kd8 {[%clk 0:00:31]} 36. Qxf8+ {[%clk 0:47:14]} Kc7
{[%clk 0:00:31]} 37. Rxf7+ {[%clk 0:47:30]} 1-0

[Event "World Chess Olympiad 2018"]
[Site "Batumi"]
[Date "2018.09.26"]
[Round "3"]
[Board "1"]
[WhiteFideId "13503391"]
[White "Gurbanov Andrei"]
[BlackFideId "4402669"]
[Black "Gallego Alcaraz Andres Felipe"]
[Result "0-1"]
[LiveChessVersion "1.4.8"]
[BlackElo "2511"]
[WhiteElo "2305"]

1. d4 {[%clk 1:30:56]} e6 {[%clk 1:30:49]} 2. Nc3 {[%clk 1:28:49]} Nf6
{[%clk 1:30:57]} 3. Bg5 {[%clk 1:29:01]} d5 {[%clk 1:27:12]} 4. e3
{[%clk 1:27:31]} Nbd7 {[%clk 1:25:36]} 5. Nf3 {[%clk 1:25:10]} Be7
{[%clk 1:20:24]} 6. Be2 {[%clk 1:21:15]} h6 {[%clk 1:18:35]} 7. Bh4
{[%clk 1:20:59]} c5 {[%clk 1:17:12]} 8. O-O {[%clk 1:14:12]} O-O {[%clk 1:15:26]}
9. a3 {[%clk 1:14:29]} b6 {[%clk 1:14:41]} 10. Ne5 {[%clk 1:09:12]} Nxe5
{[%clk 1:09:12]} 11. dxe5 {[%clk 1:09:35]} Nd7 {[%clk 1:09:21]} 12. Bg3
{[%clk 1:08:19]} Bb7 {[%clk 1:03:34]} 13. f4 {[%clk 0:55:49]} a6 {[%clk 0:57:56]}
14. f5 {[%clk 0:49:52]} Bg5 {[%clk 0:56:09]} 15. Bf4 {[%clk 0:49:40]} exf5
{[%clk 0:38:48]} 16. Bf3 {[%clk 0:30:21]} Re8 {[%clk 0:31:43]} 17. Bxd5
{[%clk 0:19:07]} Bxd5 {[%clk 0:31:24]} 18. Qxd5 {[%clk 0:19:17]} Nxe5
{[%clk 0:31:21]} 19. Bxe5 {[%clk 0:19:13]} Qxd5 {[%clk 0:31:05]} 20. Nxd5
{[%clk 0:19:36]} Rxe5 {[%clk 0:31:28]} 21. Nxb6 {[%clk 0:20:00]} Rd8
{[%clk 0:27:46]} 22. Nc4 {[%clk 0:19:24]} Re4 {[%clk 0:27:49]} 23. b3
{[%clk 0:18:31]} Bxe3+ {[%clk 0:27:23]} 24. Kh1 {[%clk 0:16:31]} g6
{[%clk 0:24:03]} 25. g4 {[%clk 0:15:17]} Bd4 {[%clk 0:22:33]} 26. Rad1
{[%clk 0:13:07]} Rxg4 {[%clk 0:18:58]} 27. Nb6 {[%clk 0:08:17]} Re8
{[%clk 0:16:59]} 28. Rd2 {[%clk 0:08:20]} Rge4 {[%clk 0:14:30]} 29. Nd5
{[%clk 0:07:46]} Kg7 {[%clk 0:10:30]} 30. c3 {[%clk 0:07:15]} Be5
{[%clk 0:10:02]} 31. Rf3 {[%clk 0:05:32]} Rd8 {[%clk 0:09:28]} 32. c4
{[%clk 0:05:10]} Bd4 {[%clk 0:08:33]} 33. b4 {[%clk 0:05:30]} Re1+
{[%clk 0:07:54]} 34. Kg2 {[%clk 0:05:57]} Rg1+ {[%clk 0:08:09]} 35. Kh3
{[%clk 0:06:21]} Rc1 {[%clk 0:08:15]} 36. Ne3 {[%clk 0:04:50]} Rc8
{[%clk 0:03:22]} 37. Nc2 {[%clk 0:05:12]} Bf6 {[%clk 0:03:48]} 38. b5
{[%clk 0:05:12]} axb5 {[%clk 0:03:43]} 39. cxb5 {[%clk 0:35:37]} c4
{[%clk 0:33:33]} 40. a4 {[%clk 0:32:10]} c3 {[%clk 0:32:01]} 41. Rg2
{[%clk 0:30:12]} Rc4 {[%clk 0:31:11]} 0-1

[Event "World Chess Olympiad 2018"]
[Site "Batumi"]
[Date "2018.09.26"]
[Round "3"]
[Board "2"]
[WhiteFideId "4403940"]
[White "Rios Cristhian Camilo"]
[BlackFideId "4118464"]
[Black "Scerbin Dmitrij"]
[Result "1/2-1/2"]
[LiveChessVersion "1.4.8"]
[BlackElo "2264"]
[WhiteElo "2465"]

1. d4 {[%clk 1:30:52]} d5 {[%clk 1:30:50]} 2. c4 {[%clk 1:31:12]} dxc4
{[%clk 1:31:11]} 3. e3 {[%clk 1:31:33]} e5 {[%clk 1:31:30]} 4. Bxc4
{[%clk 1:31:52]} exd4 {[%clk 1:31:48]} 5. exd4 {[%clk 1:32:11]} Bd6
{[%clk 1:32:09]} 6. Nf3 {[%clk 1:31:48]} Nf6 {[%clk 1:31:49]} 7. O-O
{[%clk 1:31:14]} O-O {[%clk 1:32:06]} 8. h3 {[%clk 1:30:31]} Nc6 {[%clk 1:28:14]}
9. Nc3 {[%clk 1:29:46]} h6 {[%clk 1:20:50]} 10. Re1 {[%clk 1:22:37]} Bf5
{[%clk 1:05:00]} 11. d5 {[%clk 0:52:21]} Ne7 {[%clk 1:02:29]} 12. Nd4
{[%clk 0:51:26]} Bg6 {[%clk 0:53:51]} 13. Ndb5 {[%clk 0:48:49]} a6
{[%clk 0:52:16]} 14. Nxd6 {[%clk 0:49:05]} Qxd6 {[%clk 0:52:44]} 15. Qf3
{[%clk 0:46:23]} Nf5 {[%clk 0:45:14]} 16. Rd1 {[%clk 0:40:54]} Rfe8
{[%clk 0:41:48]} 17. Bb3 {[%clk 0:40:07]} Nd4 {[%clk 0:41:04]} 18. Qg3
{[%clk 0:27:09]} Qxg3 {[%clk 0:39:13]} 19. fxg3 {[%clk 0:27:34]} Nxb3
{[%clk 0:38:46]} 20. axb3 {[%clk 0:27:55]} Bc2 {[%clk 0:38:58]} 21. Rd4
{[%clk 0:28:19]} Re1+ {[%clk 0:30:28]} 22. Kh2 {[%clk 0:26:54]} Rae8
{[%clk 0:25:46]} 23. b4 {[%clk 0:25:56]} Ne4 {[%clk 0:20:00]} 24. g4
{[%clk 0:15:32]} Nd6 {[%clk 0:09:45]} 25. Rd2 {[%clk 0:14:41]} Bb3
{[%clk 0:08:55]} 26. Ra3 {[%clk 0:13:25]} Bc4 {[%clk 0:09:04]} 27. Rc2
{[%clk 0:12:14]} Bd3 {[%clk 0:08:33]} 28. Rd2 {[%clk 0:12:38]} Bg6
{[%clk 0:08:02]} 29. Ra1 {[%clk 0:12:53]} Nc4 {[%clk 0:03:59]} 30. Rd4
{[%clk 0:10:29]} Ne3 {[%clk 0:03:54]} 31. Bxe3 {[%clk 0:10:53]} Rxa1
{[%clk 0:04:19]} 32. Bf4 {[%clk 0:11:21]} Re7 {[%clk 0:03:38]} 33. Rc4
{[%clk 0:11:43]} Bd3 {[%clk 0:03:17]} 34. Rc5 {[%clk 0:12:06]} c6
{[%clk 0:03:02]} 35. d6 {[%clk 0:10:37]} Rd7 {[%clk 0:03:27]} 36. Re5
{[%clk 0:11:05]} Kf8 {[%clk 0:03:39]} 37. Re3 {[%clk 0:11:28]} Bg6
{[%clk 0:02:59]} 38. b3 {[%clk 0:11:52]} Rf1 {[%clk 0:03:08]} 39. Be5
{[%clk 0:11:49]} Rf6 {[%clk 0:02:19]} 40. Bxf6 {[%clk 0:40:41]} gxf6
{[%clk 0:32:48]} 41. Na4 {[%clk 0:41:01]} Rxd6 {[%clk 0:33:11]} 42. Nc5
{[%clk 0:41:22]} b6 {[%clk 0:29:01]} 43. Nxa6 {[%clk 0:41:38]} Rd8
{[%clk 0:19:18]} 44. Rc3 {[%clk 0:38:55]} Be4 {[%clk 0:19:00]} 45. Re3
{[%clk 0:39:16]} f5 {[%clk 0:12:55]} 46. gxf5 {[%clk 0:38:57]} Bxf5
{[%clk 0:13:05]} 47. Kg3 {[%clk 0:39:19]} Be6 {[%clk 0:11:34]} 48. Nc7
{[%clk 0:38:19]} Ke7 {[%clk 0:11:38]} 49. Nxe6 {[%clk 0:38:16]} fxe6
{[%clk 0:12:06]} 50. Rc3 {[%clk 0:38:30]} Rd4 {[%clk 0:09:51]} 51. Rxc6
{[%clk 0:38:08]} 1/2-1/2